[Event "Olimpiada de Khanty-Mansiysk 2010"]
[Site "Khanty-Mansiysk RUS"]
[Date "2010.09.29"]
[Round "8"]
[White "Hammer, Jon Ludvig"]
[Black "Felgaer, Ruben"]
[Result "1-0"]
[WhiteElo "2633"]
[BlackElo "2597"]
[PlyCount "131"]
[EventDate "2010.09.21"]
[EventType "team"]
[EventRounds "11"]
[EventCountry "RUS"]
[Source "lmi"]
[SourceDate "2010.09.21"]
[WhiteTeam "Noruega"]
[BlackTeam "Argentina"]
[WhiteTeamCountry "NOR"]
[BlackTeamCountry "ARG"]

1. d4 d5 2. c4 c6 3. Nf3 Nf6 4. Nc3 dxc4 5. a4 Bf5 6. Ne5 Nbd7 7. Nxc4 Nb6 8.
Ne5 a5 9. e3 Nbd7 10. Qb3 Nxe5 11. dxe5 Nd7 12. e4 Be6 13. Qxb7 Rb8 14. Qa7
Nxe5 15. f4 Nd7 16. f5 Bb3 17. Bf4 Ra8 18. Qb7 e5 19. fxe6 Bxe6 20. Bc7 Qc8 21.
Qxc8+ Rxc8 22. Bxa5 Bd6 23. O-O-O Ke7 24. e5 Bxe5 25. Bb4+ c5 26. Ba3 Bxc3 27.
bxc3 Rc7 28. Bb5 Nb6 29. Rhe1 Ra8 30. Rd4 Kf6 31. Rf4+ Ke7 32. Re5 Nd5 33. Rf3
Kd6 34. Re1 Nb6 35. Rf4 Nd5 36. Rd4 Rca7 37. c4 Rxa4 38. Bxa4 Rxa4 39. cxd5
Rxd4 40. dxe6 Rc4+ 41. Kd2 fxe6 42. Bb2 Rg4 43. Be5+ Kd5 44. g3 g5 45. Bf6 h6
46. Kc3 Ra4 47. Re5+ Kd6 48. Re2 Ra7 49. Rd2+ Kc6 50. Be5 Ra3+ 51. Kc4 Ra4+ 52.
Kc3 Ra3+ 53. Kc2 Re3 54. Bg7 h5 55. Bf6 g4 56. Bg5 Re4 57. Kd3 Kd5 58. Be3 Re5
59. Rc2 Kc6 60. Ra2 Rd5+ 61. Ke4 Kb5 62. Rb2+ Kc6 63. Rc2 Kd6 64. Rxc5 Rxc5 65.
Bxc5+ Kxc5 66. Ke5 1-0

[Event "Olimpiada de Khanty-Mansiysk 2010"]
[Site "Khanty-Mansiysk RUS"]
[Date "2010.09.29"]
[Round "8"]
[White "Lafuente, Pablo"]
[Black "Elsness, Frode"]
[Result "1/2-1/2"]
[WhiteElo "2565"]
[BlackElo "2485"]
[PlyCount "63"]
[EventDate "2010.09.21"]
[EventType "team"]
[EventRounds "11"]
[EventCountry "RUS"]
[Source "lmi"]
[SourceDate "2010.09.21"]
[WhiteTeam "Argentina"]
[BlackTeam "Noruega"]
[WhiteTeamCountry "ARG"]
[BlackTeamCountry "NOR"]

1. c4 e5 2. Nc3 Nf6 3. g3 d5 4. cxd5 Nxd5 5. Bg2 Nb6 6. Nf3 Nc6 7. O-O Be7 8.
a3 O-O 9. b4 Be6 10. d3 Nd4 11. Nd2 c6 12. Rb1 Qd7 13. Nde4 Nd5 14. Bb2 Bg4 15.
Re1 Nxc3 16. Bxc3 f5 17. Bxd4 Qxd4 18. Qb3+ Rf7 19. e3 Qd7 20. Nd2 Rd8 21. d4
exd4 22. exd4 Bf6 23. Nf3 Bxf3 24. Bxf3 Kh8 25. d5 cxd5 26. Bxd5 Re7 27. Rxe7
Qxe7 28. Qf3 g6 29. Rd1 b6 30. Rd3 Qe5 31. Kg2 Kg7 32. Bc4 1/2-1/2

[Event "Olimpiada de Khanty-Mansiysk 2010"]
[Site "Khanty-Mansiysk RUS"]
[Date "2010.09.29"]
[Round "8"]
[White "Hansen, Torbjorn Ringdal"]
[Black "Valerga, Diego"]
[Result "1-0"]
[WhiteElo "2429"]
[BlackElo "2508"]
[PlyCount "93"]
[EventDate "2010.09.21"]
[EventType "team"]
[EventRounds "11"]
[EventCountry "RUS"]
[Source "lmi"]
[SourceDate "2010.09.21"]
[WhiteTeam "Noruega"]
[BlackTeam "Argentina"]
[WhiteTeamCountry "NOR"]
[BlackTeamCountry "ARG"]

1. e4 c5 2. Nf3 e6 3. d4 cxd4 4. Nxd4 Nf6 5. Nc3 d6 6. g4 h6 7. h4 Nc6 8. Rg1
h5 9. gxh5 Nxh5 10. Bg5 Nf6 11. Rg3 a6 12. Nxc6 bxc6 13. Qf3 e5 14. Bc4 Be6 15.
Bxe6 fxe6 16. O-O-O Be7 17. Be3 Nh5 18. Rg6 Bf6 19. Bh6 Rxh6 20. Rxh6 gxh6 21.
Qxh5+ Kd7 22. Na4 Ke7 23. Qxh6 Qh8 24. Qd2 Rd8 25. Qa5 Bxh4 26. Qxa6 Bxf2 27.
Qxc6 Qh5 28. Nc3 Be3+ 29. Kb1 Qf3 30. Qc4 Bd4 31. Rf1 Qh3 32. a4 Bxc3 33. bxc3
Rd7 34. Ka2 Qg2 35. Qd3 Ra7 36. Ka3 Rc7 37. Rd1 Rc6 38. Rb1 Qf2 39. Rb7+ Kf6
40. Kb2 Rb6+ 41. Rxb6 Qxb6+ 42. Qb5 Qe3 43. a5 Qxe4 44. a6 d5 45. Qb7 Qc4 46.
a7 d4 47. Qf3+ 1-0

[Event "Olimpiada de Khanty-Mansiysk 2010"]
[Site "Khanty-Mansiysk RUS"]
[Date "2010.09.29"]
[Round "8"]
[White "Barrientos, Sergio E"]
[Black "Astaneh Lopez, Alex"]
[Result "1-0"]
[WhiteElo "2464"]
[BlackElo "2393"]
[PlyCount "92"]
[EventDate "2010.09.21"]
[EventType "team"]
[EventRounds "11"]
[EventCountry "RUS"]
[Source "lmi"]
[SourceDate "2010.09.21"]
[WhiteTeam "Colombia"]
[BlackTeam "Irlanda"]
[WhiteTeamCountry "COL"]
[BlackTeamCountry "IRL"]

1. e4 c6 2. d4 d5 3. e5 c5 4. c3 Nc6 5. Be2 cxd4 6. cxd4 Qb6 7. Nc3 Bf5 8. Nxd5
Qa5+ 9. Nc3 Rd8 10. Nf3 f6 11. exf6 Nxf6 12. O-O e6 13. Bc4 Bg4 14. Be3 Qb4 15.
Qb3 Bxf3 16. gxf3 Nxd4 17. Bxd4 Rxd4 18. Bxe6 Qxb3 19. Bxb3 a6 20. Rfe1+ Kd7
21. Ne2 Rd2 22. Rad1 Rxd1 23. Rxd1+ Bd6 24. Nd4 g6 25. Ne6 Kc6 26. f4 Bb8 27.
Kg2 Nh5 28. Rd4 b5 29. Kf3 Re8 30. a4 Nf6 31. Rd1 Kb6 32. axb5 axb5 33. h4 Rc8
34. Re1 Ka5 35. Nd4 Kb4 36. Be6 Rc7 37. Re5 Rc5 38. Re3 Bc7 39. Ra3 Nd5 40.
Bxd5 Rxd5 41. Ke4 Rh5 42. Rc3 Bd6 43. Nc6+ Ka4 44. Rd3 Bf8 45. Rh3 b4 46. Kd4
Bc5+ 1-0

[Event "Olimpiada de Khanty-Mansiysk 2010"]
[Site "Khanty-Mansiysk RUS"]
[Date "2010.09.29"]
[Round "8"]
[White "Rios Gomez, Cristhian Cam"]
[Black "Daly, Colm"]
[Result "1-0"]
[WhiteElo "2380"]
[BlackElo "2277"]
[PlyCount "105"]
[EventDate "2010.09.21"]
[EventType "team"]
[EventRounds "11"]
[EventCountry "RUS"]
[Source "lmi"]
[SourceDate "2010.09.21"]
[WhiteTeam "Colombia"]
[BlackTeam "Irlanda"]
[WhiteTeamCountry "COL"]
[BlackTeamCountry "IRL"]

1. d4 e6 2. c4 Nf6 3. Nc3 Bb4 4. e3 c5 5. Nge2 d5 6. a3 Bxc3+ 7. Nxc3 cxd4 8.
exd4 dxc4 9. Bxc4 Nc6 10. Be3 O-O 11. O-O b6 12. Qf3 Bb7 13. Bd3 Qd7 14. Qg3
Ne7 15. Rad1 Nf5 16. Qh3 h6 17. Bxf5 exf5 18. Qg3 Kh7 19. Bf4 Nd5 20. h4 Rg8
21. Nxd5 Qxd5 22. Rfe1 Rae8 23. Rxe8 Rxe8 24. h5 Re6 25. f3 g5 26. hxg6+ Rxg6
27. Qf2 Qxf3 28. Qxf3 Bxf3 29. Rd2 Bd5 30. g3 Re6 31. Kf2 Kg6 32. Rc2 Re4 33.
Rc7 h5 34. Rxa7 h4 35. Rd7 Bc4 36. Rd6+ f6 37. Kg2 h3+ 38. Kxh3 Bf1+ 39. Kh2
Re2+ 40. Kg1 Bh3 41. Rxb6 Rg2+ 42. Kh1 Re2 43. a4 Bg2+ 44. Kg1 Kh5 45. a5 Kg4
46. a6 Bd5 47. a7 Re7 48. Ra6 Re8 49. Kf2 Bf3 50. Rxf6 Re2+ 51. Kf1 Rxb2 52.
Rg6+ Kh5 53. Rh6+ 1-0

[Event "Olimpiada de Khanty-Mansiysk 2010"]
[Site "Khanty-Mansiysk RUS"]
[Date "2010.09.29"]
[Round "8"]
[White "Miezis, Normunds"]
[Black "Beliavsky, Alexander G"]
[Result "0-1"]
[WhiteElo "2519"]
[BlackElo "2632"]
[PlyCount "160"]
[EventDate "2010.09.21"]
[EventType "team"]
[EventRounds "11"]
[EventCountry "RUS"]
[Source "lmi"]
[SourceDate "2010.09.21"]
[WhiteTeam "Letonia"]
[BlackTeam "Eslovenia"]
[WhiteTeamCountry "LAT"]
[BlackTeamCountry "SLO"]

1. c4 e6 2. e4 c5 3. Nc3 Nc6 4. Nf3 Nf6 5. Be2 b6 6. O-O Bb7 7. d3 Be7 8. Re1
O-O 9. Bf1 Qc7 10. g3 a6 11. Bg2 d6 12. h3 Nd7 13. a3 Nde5 14. Rb1 Nxf3+ 15.
Bxf3 Nd4 16. Bg2 b5 17. cxb5 axb5 18. Be3 Qd7 19. Ne2 Nxe2+ 20. Qxe2 Ra4 21.
Qc2 Rc8 22. Rbc1 Bf6 23. Kh2 Bd4 24. Rb1 Bxe3 25. fxe3 b4 26. axb4 Rxb4 27. Rf1
Bc6 28. Rf2 Rcb8 29. Qe2 Qa7 30. Rd1 e5 31. Rd2 Bb5 32. Qd1 Ba4 33. Qe2 Bb3 34.
Qh5 Be6 35. Qd1 h6 36. h4 Rb3 37. Qe2 R3b4 38. Qd1 Ra4 39. Qe2 Rbb4 40. Bh3 Bb3
41. Qg4 Rb8 42. Qf3 Ra1 43. g4 Qe7 44. Qg3 g5 45. hxg5 hxg5 46. d4 exd4 47.
exd4 Qxe4 48. Qf3 Qxf3 49. Rxf3 Bd5 50. Rf1 Rxf1 51. Bxf1 c4 52. Rc2 Rb4 53.
Be2 Be6 54. Bf3 d5 55. Kg3 Rb3 56. Rd2 Kf8 57. Kf2 Ke7 58. Bd1 Rb8 59. Ke3 Rh8
60. Bf3 Kd6 61. Kf2 Rh2+ 62. Ke3 Rh4 63. Rg2 Kc6 64. Kd2 Kb5 65. Bd1 Kb4 66.
Rg3 Rh2+ 67. Kc1 Rf2 68. Bf3 f6 69. Rh3 f5 70. Rg3 f4 71. Rh3 Bf7 72. Bd1 Bg6
73. Rh8 c3 74. Rb8+ Kc4 75. Rc8+ Kxd4 76. bxc3+ Kd3 77. Ba4 Be4 78. Rc5 f3 79.
Bc6 Rc2+ 80. Kd1 Ra2 0-1

[Event "Olimpiada de Khanty-Mansiysk 2010"]
[Site "Khanty-Mansiysk RUS"]
[Date "2010.09.29"]
[Round "8"]
[White "Lenic, Luka"]
[Black "Meijers, Viesturs"]
[Result "1-0"]
[WhiteElo "2603"]
[BlackElo "2502"]
[PlyCount "45"]
[EventDate "2010.09.21"]
[EventType "team"]
[EventRounds "11"]
[EventCountry "RUS"]
[Source "lmi"]
[SourceDate "2010.09.21"]
[WhiteTeam "Eslovenia"]
[BlackTeam "Letonia"]
[WhiteTeamCountry "SLO"]
[BlackTeamCountry "LAT"]

1. d4 Nf6 2. c4 e6 3. Nf3 Bb4+ 4. Nc3 O-O 5. Bg5 c5 6. Rc1 cxd4 7. Nxd4 d5 8.
e3 dxc4 9. Bxc4 e5 10. Ndb5 a6 11. Qxd8 Rxd8 12. Nc7 Ra7 13. Bxf6 gxf6 14. N7d5
Bxc3+ 15. Rxc3 Kg7 16. Nb6 Bf5 17. Ke2 Rd6 18. Rb3 Bc2 19. Nc8 Bxb3 20. Bxb3
Rd7 21. Nxa7 Rc7 22. Rd1 b6 23. Rd8 1-0

[Event "Olimpiada de Khanty-Mansiysk 2010"]
[Site "Khanty-Mansiysk RUS"]
[Date "2010.09.29"]
[Round "8"]
[White "Borisek, Jure"]
[Black "Kantans, Toms"]
[Result "0-1"]
[WhiteElo "2535"]
[BlackElo "2332"]
[PlyCount "58"]
[EventDate "2010.09.21"]
[EventType "team"]
[EventRounds "11"]
[EventCountry "RUS"]
[Source "lmi"]
[SourceDate "2010.09.21"]
[WhiteTeam "Eslovenia"]
[BlackTeam "Letonia"]
[WhiteTeamCountry "SLO"]
[BlackTeamCountry "LAT"]

1. e4 e5 2. Nf3 Nf6 3. Nxe5 d6 4. Nf3 Nxe4 5. Nc3 Nxc3 6. dxc3 Be7 7. Be3 O-O
8. Qd2 Nc6 9. O-O-O Be6 10. h4 Ne5 11. a3 Qc8 12. Ng5 h6 13. Nh3 Bc4 14. Nf4
Bxf1 15. Rdxf1 c6 16. Bd4 Qf5 17. b3 d5 18. Kb2 Bd6 19. Ne2 a5 20. g4 Qf3 21.
Bxe5 Bxe5 22. Nd4 Qxg4 23. Rfg1 Qh5 24. Qd3 Rfe8 25. Nf5 g6 26. Rh3 b5 27. Ka2
a4 28. b4 Re6 29. Re3 Rae8 0-1

[Event "Olimpiada de Khanty-Mansiysk 2010"]
[Site "Khanty-Mansiysk RUS"]
[Date "2010.09.29"]
[Round "8"]
[White "Jumabayev, Rinat"]
[Black "Kurajica, Bojan"]
[Result "1-0"]
[WhiteElo "2547"]
[BlackElo "2535"]
[PlyCount "77"]
[EventDate "2010.09.21"]
[EventType "team"]
[EventRounds "11"]
[EventCountry "RUS"]
[Source "lmi"]
[SourceDate "2010.09.21"]
[WhiteTeam "Kazajstán"]
[BlackTeam "Bosnia Herzegovina"]
[WhiteTeamCountry "KAZ"]
[BlackTeamCountry "BIH"]

1. Nf3 Nf6 2. c4 e6 3. d4 Bb4+ 4. Bd2 Qe7 5. g3 Nc6 6. Nc3 d5 7. a3 Bxc3 8.
Bxc3 O-O 9. Bg2 a5 10. O-O Rd8 11. Rc1 dxc4 12. Qa4 Qe8 13. Qxc4 b5 14. Qb3 Bb7
15. Rfd1 Ne7 16. Bd2 Bd5 17. Qc2 Be4 18. Qc5 c6 19. Bf4 Nd7 20. Qc3 Nb6 21. Qe3
f5 22. Ne5 Nbd5 23. Qd2 Bxg2 24. Kxg2 Nxf4+ 25. Qxf4 Rd5 26. Qf3 Rad8 27. e3
R8d6 28. h4 Ng6 29. Nd3 e5 30. Nxe5 Nxe5 31. dxe5 Rxd1 32. Rxd1 Rxd1 33. Qxd1
Qxe5 34. Qd8+ Kf7 35. Qd7+ Kf8 36. Qxc6 Qxb2 37. Qa8+ Ke7 38. Qxa5 Qe2 39. Qa7+
1-0

[Event "Olimpiada de Khanty-Mansiysk 2010"]
[Site "Khanty-Mansiysk RUS"]
[Date "2010.09.29"]
[Round "8"]
[White "Dizdarevic, Emir"]
[Black "Kuderinov, Kirill"]
[Result "1/2-1/2"]
[WhiteElo "2475"]
[BlackElo "2481"]
[PlyCount "45"]
[EventDate "2010.09.21"]
[EventType "team"]
[EventRounds "11"]
[EventCountry "RUS"]
[Source "lmi"]
[SourceDate "2010.09.21"]
[WhiteTeam "Bosnia Herzegovina"]
[BlackTeam "Kazajstán"]
[WhiteTeamCountry "BIH"]
[BlackTeamCountry "KAZ"]

1. Nf3 Nf6 2. g3 g6 3. Bg2 Bg7 4. O-O O-O 5. d4 d6 6. c4 Nc6 7. Nc3 Bf5 8. Be3
Ne4 9. Nxe4 Bxe4 10. d5 Bxf3 11. exf3 Ne5 12. Rc1 c5 13. dxc6 Nxc6 14. Qd2 Rc8
15. Rfd1 Qa5 16. Qxa5 Nxa5 17. b3 b6 18. f4 Rfd8 19. h4 Kf8 20. h5 e6 21. Bf3
Ke7 22. Kg2 Nc6 23. Rd2 1/2-1/2

[Event "Olimpiada de Khanty-Mansiysk 2010"]
[Site "Khanty-Mansiysk RUS"]
[Date "2010.09.29"]
[Round "8"]
[White "Ismagambetov, Anuar"]
[Black "Stojanovic, Dalibor"]
[Result "1/2-1/2"]
[WhiteElo "2492"]
[BlackElo "2496"]
[PlyCount "49"]
[EventDate "2010.09.21"]
[EventType "team"]
[EventRounds "11"]
[EventCountry "RUS"]
[Source "lmi"]
[SourceDate "2010.09.21"]
[WhiteTeam "Kazajstán"]
[BlackTeam "Bosnia Herzegovina"]
[WhiteTeamCountry "KAZ"]
[BlackTeamCountry "BIH"]

1. Nf3 c5 2. c4 g6 3. g3 Nc6 4. Bg2 Bg7 5. Nc3 e5 6. O-O Nge7 7. Ne1 d6 8. Nc2
Be6 9. Ne3 O-O 10. a3 Qd7 11. d3 Bh3 12. Rb1 Bxg2 13. Kxg2 f5 14. Ned5 Nxd5 15.
Nxd5 Ne7 16. Nxe7+ Qxe7 17. b4 b6 18. Bd2 Rf7 19. a4 Qb7+ 20. f3 e4 21. a5 exd3
22. exd3 cxb4 23. Bxb4 d5 24. c5 Qc6 25. Qb3 1/2-1/2

[Event "Olimpiada de Khanty-Mansiysk 2010"]
[Site "Khanty-Mansiysk RUS"]
[Date "2010.09.29"]
[Round "8"]
[White "Megaranto, Susanto"]
[Black "Leon Hoyos, Manuel"]
[Result "1-0"]
[WhiteElo "2516"]
[BlackElo "2579"]
[PlyCount "80"]
[EventDate "2010.09.21"]
[EventType "team"]
[EventRounds "11"]
[EventCountry "RUS"]
[Source "lmi"]
[SourceDate "2010.09.21"]
[WhiteTeam "Indonesia"]
[BlackTeam "México"]
[WhiteTeamCountry "INA"]
[BlackTeamCountry "MEX"]

1. d4 Nf6 2. Nf3 g6 3. g3 Bg7 4. Bg2 O-O 5. O-O d5 6. c4 dxc4 7. Na3 c3 8. bxc3
c5 9. e3 Nc6 10. Nc4 Be6 11. Ncd2 Rc8 12. Qa4 Nd5 13. Bb2 cxd4 14. cxd4 Ndb4
15. Ng5 Bf5 16. Be4 Qd7 17. Qb3 Bxe4 18. Ngxe4 b6 19. Rfc1 Rfd8 20. Ba3 Na6 21.
Qb5 Nab8 22. Rab1 Rc7 23. Rc2 Qf5 24. Qa4 Rcc8 25. Rbc1 Qd7 26. Qb5 Qe6 27. h4
h6 28. Qb3 Qf5 29. Kg2 Kh7 30. f3 Na5 31. Qa4 Rxc2 32. Rxc2 Qe6 33. Nf1 Nbc6
34. Qb5 Qd7 35. h5 g5 36. g4 e6 37. Nfg3 Kh8 38. Nc3 Qb7 39. d5 exd5 40. Nxd5
Nd4 1-0

[Event "Olimpiada de Khanty-Mansiysk 2010"]
[Site "Khanty-Mansiysk RUS"]
[Date "2010.09.29"]
[Round "8"]
[White "Gonzalez Zamora, Juan Car"]
[Black "Purnama, Tirta Chandra"]
[Result "1-0"]
[WhiteElo "2564"]
[BlackElo "2400"]
[PlyCount "93"]
[EventDate "2010.09.21"]
[EventType "team"]
[EventRounds "11"]
[EventCountry "RUS"]
[Source "lmi"]
[SourceDate "2010.09.21"]
[WhiteTeam "México"]
[BlackTeam "Indonesia"]
[WhiteTeamCountry "MEX"]
[BlackTeamCountry "INA"]

1. d4 Nf6 2. c4 g6 3. Nc3 Bg7 4. e4 d6 5. Nge2 O-O 6. Ng3 c5 7. d5 e6 8. Be2
exd5 9. exd5 Re8 10. O-O Nbd7 11. Bf4 Ne5 12. Qd2 a6 13. Rae1 Bg4 14. f3 Bd7
15. Bg5 b5 16. Qf4 bxc4 17. Nge4 Nh5 18. Qd2 f6 19. Be3 Bf8 20. g4 Ng7 21. Nf2
f5 22. Kh1 Rb8 23. Rg1 Qh4 24. Ref1 Be7 25. Rg3 fxg4 26. fxg4 Bd8 27. Nce4 Rf8
28. Rh3 Rxf2 29. Rxh4 Rxf1+ 30. Bxf1 Bxh4 31. h3 Rf8 32. Be2 Ne8 33. Bf4 Be7
34. Bxe5 dxe5 35. d6 Bd8 36. Qd5+ Kh8 37. Nxc5 Nf6 38. Qb7 Be8 39. Bxc4 g5 40.
Ne6 Rf7 41. Qb8 Ba5 42. b4 Bxb4 43. Qxb4 Bc6+ 44. Kg1 Rb7 45. Qe1 Be4 46. Bb3
h6 47. Nc5 1-0

[Event "Olimpiada de Khanty-Mansiysk 2010"]
[Site "Khanty-Mansiysk RUS"]
[Date "2010.09.29"]
[Round "8"]
[White "Ibarra Chami, Luis Fernan"]
[Black "Halay, Taufik"]
[Result "1-0"]
[WhiteElo "2444"]
[BlackElo "2358"]
[PlyCount "109"]
[EventDate "2010.09.21"]
[EventType "team"]
[EventRounds "11"]
[EventCountry "RUS"]
[Source "lmi"]
[SourceDate "2010.09.21"]
[WhiteTeam "México"]
[BlackTeam "Indonesia"]
[WhiteTeamCountry "MEX"]
[BlackTeamCountry "INA"]

1. e4 c5 2. Nf3 d6 3. d4 cxd4 4. Nxd4 Nf6 5. Nc3 g6 6. Bg5 Bg7 7. f3 Nc6 8. Nb3
a6 9. Qd2 h6 10. Be3 b5 11. a4 b4 12. Ne2 d5 13. Ned4 Nxd4 14. Qxd4 dxe4 15.
Qxd8+ Kxd8 16. O-O-O+ Ke8 17. Bb6 Nd7 18. Ba5 exf3 19. Nc5 Be5 20. gxf3 Bd6 21.
Ne4 Bf4+ 22. Kb1 f5 23. Nc5 Bd6 24. Ne6 Bb7 25. Be2 Kf7 26. Nc7 Rac8 27. Bc4+
Kg7 28. Bd5 Nc5 29. Rhe1 Bxd5 30. Nxd5 Nxa4 31. Nxe7 Bxe7 32. Rxe7+ Kf6 33. Ra7
Rc6 34. f4 g5 35. Bxb4 Rb8 36. Rd4 Kg6 37. c3 Kh5 38. Ka2 Re6 39. b3 Nb6 40.
Rxa6 Re2+ 41. Ka3 Rxh2 42. fxg5 Rh1 43. Ba5 hxg5 44. Rxb6 Ra8 45. Kb4 f4 46.
Rb5 Rh4 47. Bd8 Rxd8 48. Rxd8 f3+ 49. c4 Rf4 50. Rh8+ Kg4 51. Rg8 f2 52. Rbxg5+
Kf3 53. Rg1 fxg1=Q 54. Rxg1 Ke2 55. Rg3 1-0

[Event "Olimpiada de Khanty-Mansiysk 2010"]
[Site "Khanty-Mansiysk RUS"]
[Date "2010.09.29"]
[Round "8"]
[White "Galego, Luis"]
[Black "Morovic Fernandez, Ivan"]
[Result "1/2-1/2"]
[WhiteElo "2500"]
[BlackElo "2580"]
[PlyCount "51"]
[EventDate "2010.09.21"]
[EventType "team"]
[EventRounds "11"]
[EventCountry "RUS"]
[Source "lmi"]
[SourceDate "2010.09.21"]
[WhiteTeam "Portugal"]
[BlackTeam "Chile"]
[WhiteTeamCountry "POR"]
[BlackTeamCountry "CHI"]

1. e4 d6 2. d4 Nf6 3. Nc3 g6 4. Bg5 Bg7 5. Qd2 h6 6. Bf4 g5 7. Bg3 Nh5 8. O-O-O
Nd7 9. Bc4 Nb6 10. Bb3 Bd7 11. Nge2 c5 12. dxc5 dxc5 13. a3 c4 14. Ba2 Nxg3 15.
Nxg3 Bg4 16. Qxd8+ Rxd8 17. Rxd8+ Kxd8 18. Nd1 Be5 19. Nf5 Bxf5 20. exf5 Kd7
21. g3 Rc8 22. Ne3 Rc5 23. c3 Ke8 24. h4 Bf6 25. hxg5 hxg5 26. Rd1 1/2-1/2

[Event "Olimpiada de Khanty-Mansiysk 2010"]
[Site "Khanty-Mansiysk RUS"]
[Date "2010.09.29"]
[Round "8"]
[White "Vasquez Schroeder, Rodrig"]
[Black "Pereira, Ruben"]
[Result "1-0"]
[WhiteElo "2521"]
[BlackElo "2423"]
[PlyCount "97"]
[EventDate "2010.09.21"]
[EventType "team"]
[EventRounds "11"]
[EventCountry "RUS"]
[Source "lmi"]
[SourceDate "2010.09.21"]
[WhiteTeam "Chile"]
[BlackTeam "Portugal"]
[WhiteTeamCountry "CHI"]
[BlackTeamCountry "POR"]

1. e4 c5 2. Nf3 d6 3. d4 cxd4 4. Nxd4 Nf6 5. Nc3 a6 6. Bg5 e6 7. f4 Be7 8. Qf3
Nbd7 9. O-O-O h6 10. Bh4 Qc7 11. Be2 g5 12. fxg5 Ne5 13. Qe3 Nfg4 14. Bxg4 Nxg4
15. Qd2 Rg8 16. Nf3 Ne5 17. g6 Rxg6 18. Bxe7 Qxe7 19. Qxd6 Qxd6 20. Rxd6 Nxf3
21. gxf3 Bd7 22. Rhd1 Bc6 23. b4 Ke7 24. a4 Rg2 25. R6d2 Rag8 26. Kb2 h5 27.
Rd6 Rc8 28. R1d2 Rxd2 29. Rxd2 Rg8 30. b5 axb5 31. axb5 Bd7 32. f4 Rg4 33. Rf2
f6 34. Kb3 Kd6 35. Kb4 b6 36. Na4 Kc7 37. c4 Rg1 38. Nc3 Bc8 39. e5 f5 40. Rd2
Rf1 41. Rd6 Rxf4 42. Na4 Re4 43. Rc6+ Kd8 44. Nxb6 Bb7 45. Rxe6 f4 46. Rf6 Kc7
47. Ka5 Rd4 48. Rf7+ Kb8 49. c5 1-0

[Event "Olimpiada de Khanty-Mansiysk 2010"]
[Site "Khanty-Mansiysk RUS"]
[Date "2010.09.29"]
[Round "8"]
[White "Fernandes, Antonio"]
[Black "Campos Moreno, Javier B"]
[Result "0-1"]
[WhiteElo "2422"]
[BlackElo "2484"]
[PlyCount "68"]
[EventDate "2010.09.21"]
[EventType "team"]
[EventRounds "11"]
[EventCountry "RUS"]
[Source "lmi"]
[SourceDate "2010.09.21"]
[WhiteTeam "Portugal"]
[BlackTeam "Chile"]
[WhiteTeamCountry "POR"]
[BlackTeamCountry "CHI"]

1. d4 Nf6 2. c4 e6 3. Nf3 Bb4+ 4. Nbd2 O-O 5. a3 Be7 6. g3 b6 7. Bg2 Bb7 8. O-O
c5 9. Re1 cxd4 10. Nxd4 Bxg2 11. Kxg2 d6 12. e4 Qc7 13. b4 Nbd7 14. Bb2 Rfc8
15. Rc1 Qb7 16. f3 a6 17. Qe2 Rc7 18. h3 Rac8 19. Rc2 h5 20. h4 Ne5 21. Rec1
Nfd7 22. N4b3 Ng6 23. Kh2 Nde5 24. Bd4 Qb8 25. Be3 Nd7 26. Kg2 Nge5 27. Bd4 Rc6
28. Nf1 Ng6 29. Kh1 Bf6 30. Bxf6 Nxf6 31. Nd4 R6c7 32. Kg2 Qb7 33. Ne3 Ne5 34.
Nb3 g6 0-1

[Event "Olimpiada de Khanty-Mansiysk 2010"]
[Site "Khanty-Mansiysk RUS"]
[Date "2010.09.29"]
[Round "8"]
[White "Lopez Silva, Hugo"]
[Black "Rocha, Sergio"]
[Result "1/2-1/2"]
[WhiteElo "2413"]
[BlackElo "2438"]
[PlyCount "82"]
[EventDate "2010.09.21"]
[EventType "team"]
[EventRounds "11"]
[EventCountry "RUS"]
[Source "lmi"]
[SourceDate "2010.09.21"]
[WhiteTeam "Chile"]
[BlackTeam "Portugal"]
[WhiteTeamCountry "CHI"]
[BlackTeamCountry "POR"]

1. e4 c5 2. Nf3 e6 3. d4 cxd4 4. Nxd4 a6 5. Nc3 Ne7 6. g3 Nbc6 7. Bf4 d6 8.
Nxc6 Nxc6 9. Qd2 Qc7 10. Bg2 Be7 11. O-O O-O 12. Bg5 Bxg5 13. Qxg5 Ne5 14. Rad1
b5 15. Qd2 Nc4 16. Qc1 Bb7 17. Ne2 Rac8 18. Nf4 Rfd8 19. c3 a5 20. Rfe1 Ne5 21.
a3 Qb6 22. Rd4 Nc6 23. Rd3 b4 24. axb4 axb4 25. Red1 Ne5 26. Rd4 bxc3 27. bxc3
Qc5 28. h3 h6 29. Qb2 Ba6 30. Qb4 Qxb4 31. cxb4 g5 32. Rxd6 Rxd6 33. Rxd6 Rc1+
34. Kh2 gxf4 35. Rxa6 f3 36. Bh1 Rc2 37. Kg1 Nd3 38. Bxf3 Rxf2 39. Bh5 Rb2 40.
Ra7 Ne5 41. Rb7 Kg7 1/2-1/2

[Event "Olimpiada de Khanty-Mansiysk 2010"]
[Site "Khanty-Mansiysk RUS"]
[Date "2010.09.29"]
[Round "8"]
[White "Georgiev, Vladimir"]
[Black "Potapov, Pavel"]
[Result "1-0"]
[WhiteElo "2573"]
[BlackElo "2464"]
[PlyCount "141"]
[EventDate "2010.09.21"]
[EventType "team"]
[EventRounds "11"]
[EventCountry "RUS"]
[Source "lmi"]
[SourceDate "2010.09.21"]
[WhiteTeam "MKD"]
[BlackTeam "RU5"]

1. d4 d5 2. Nf3 Nf6 3. c4 c6 4. cxd5 cxd5 5. Nc3 Nc6 6. Bf4 a6 7. Rc1 Bf5 8.
Ne5 Rc8 9. e3 e6 10. Qb3 Qe7 11. Be2 Qb4 12. O-O Qxb3 13. axb3 Nxe5 14. Bxe5
Be7 15. Na4 O-O 16. Nb6 Rxc1 17. Rxc1 Bd8 18. Bc7 Bxc7 19. Rxc7 Rb8 20. f3 h5
21. h4 Ne8 22. Re7 Kf8 23. Rd7 Nf6 24. Kf2 Ke8 25. Rc7 Bg6 26. b4 Kd8 27. Rc3
Nd7 28. Na4 Rc8 29. Nc5 Nxc5 30. bxc5 Kc7 31. Rb3 Bc2 32. Rb6 Ba4 33. e4 Bc6
34. e5 Rh8 35. f4 Ba4 36. Bd3 g6 37. Ke3 Rg8 38. Kd2 Ra8 39. Be2 Rh8 40. g3 Bc6
41. Ke3 Rg8 42. Rb3 Kd7 43. Ra3 Kc7 44. Rb3 Kd7 45. Rb4 Kc7 46. Rb6 Rf8 47. Bf3
Kd7 48. f5 gxf5 49. Bxh5 Ke7 50. Be2 Ra8 51. Kf4 f6 52. h5 Kf7 53. b4 Rg8 54.
h6 fxe5+ 55. dxe5 Ra8 56. g4 fxg4 57. Bd3 d4 58. Kxg4 Rd8 59. Kg3 Kg8 60. Kf2
Rd5 61. Be4 Rxe5 62. Bxc6 bxc6 63. Rxc6 d3 64. Rxa6 Re2+ 65. Kf3 e5 66. Rd6 e4+
67. Kf4 Kh7 68. c6 Rc2 69. Kxe4 d2 70. b5 Rb2 71. c7 1-0

[Event "Olimpiada de Khanty-Mansiysk 2010"]
[Site "Khanty-Mansiysk RUS"]
[Date "2010.09.29"]
[Round "8"]
[White "Kopylov, Alexander A"]
[Black "Nedev, Trajko"]
[Result "1/2-1/2"]
[WhiteElo "2438"]
[BlackElo "2505"]
[PlyCount "81"]
[EventDate "2010.09.21"]
[EventType "team"]
[EventRounds "11"]
[EventCountry "RUS"]
[Source "lmi"]
[SourceDate "2010.09.21"]
[WhiteTeam "RU5"]
[BlackTeam "MKD"]

1. Nf3 Nf6 2. c4 g6 3. g3 Bg7 4. Bg2 d5 5. cxd5 Nxd5 6. O-O Nc6 7. Nc3 Nb6 8.
d3 O-O 9. Be3 h6 10. Rb1 a5 11. Qc1 Kh7 12. Rd1 Bf5 13. h3 e5 14. Nb5 Qd7 15.
Qc5 Nd5 16. Qxd5 Qxd5 17. Ng5+ hxg5 18. Bxd5 Bxh3 19. Nxc7 Rac8 20. Nb5 f6 21.
a3 Rfd8 22. Bh1 Bg4 23. Kf1 Be6 24. Bb6 Rd7 25. Rdc1 Bd5 26. Bxd5 Rxd5 27. Nc3
Rd7 28. Ne4 Rb8 29. Rc4 Rf7 30. b4 axb4 31. axb4 Bf8 32. b5 Nd8 33. Rbc1 Ne6
34. Rc8 Rxc8 35. Rxc8 Kg7 36. Nd2 Rd7 37. Nc4 Rd5 38. Rb8 Rxb5 39. Rxb7+ Kg8
40. Rd7 g4 41. Kg2 1/2-1/2